An introduction to microcomputers : basic concepts
Αποθηκεύτηκε σε:
| Κύριος συγγραφέας: | |
|---|---|
| Άλλοι συγγραφείς: | |
| Μορφή: | Βιβλίο |
| Γλώσσα: | English |
| Δημοσίευση: |
Berkeley :
Mcgraw-Hill,
c1980
|
| Έκδοση: | 2nd ed. |
| Θέματα: | |
| Ετικέτες: |
Προσθήκη ετικέτας
Δεν υπάρχουν, Καταχωρήστε ετικέτα πρώτοι!
|
MARC
| LEADER | 00000nam a2200000 i 4500 | ||
|---|---|---|---|
| 001 | 1/62905 | ||
| 008 | 071113s1980 eng d | ||
| 020 | |a 0931988349 | ||
| 035 | |l 10092278 | ||
| 040 | |a GR-MY-UA |b gre |e aacr | ||
| 041 | 0 | |a eng | |
| 082 | 0 | |a 001.64 | |
| 100 | 1 | |a Osborne, Adam. | |
| 245 | 1 | 3 | |a An introduction to microcomputers : |b basic concepts / |c Adam Osborne |
| 250 | |a 2nd ed. | ||
| 260 | |a Berkeley : |b Mcgraw-Hill, |c c1980 | ||
| 300 | |a 1τ. (ποικίλες σελιδαριθμήσεις) | ||
| 504 | |a Περιλαμβάνει ευρετήριο | ||
| 650 | 0 | 0 | |a Microcomputers. |
| 700 | 1 | |a Bunnell, David. | |
| 852 | |a INST |b CHIOS |e 20071113 |h 001.64 OSB |p 005200006914 |q 005200006914 |t BK |y 0 |z v.0 | ||
| 852 | |a INST |b CHIOS |e 20071113 |h 001.64 OSB |p 005200006914 |q 005200006914 |t BK |v v.0: |y 0 |z v.0 | ||
| 853 | |a INST |b CHIOS |h 001.64 OSB | ||
| 909 | |a Χ |b 02958 | ||